Statistics for Minecraft commands list [1.20.4]

Click here to take the quiz!

General Stats

  • This quiz has been taken 26 times
  • The average score is 24 of 82

Answer Stats

Answer% Correct
give
71%
time
71%
w
71%
fill
67%
gamemode
67%
kill
67%
summon
67%
effect
62%
tp
62%
gamerule
57%
execute
52%
locate
52%
weather
52%
ban
48%
clear
48%
data
48%
setblock
48%
datapack
43%
kick
43%
teleport
43%
clone
38%
me
38%
msg
38%
op
38%
place
38%
say
38%
ride
33%
scoreboard
33%
tell
33%
advancement
29%
attribute
29%
deop
29%
enchant
29%
function
29%
help
29%
item
29%
pardon
29%
return
29%
spawnpoint
29%
tick
29%
debug
24%
playsound
24%
publish
24%
reload
24%
schedule
24%
setworldspawn
24%
stop
24%
team
24%
tellraw
24%
title
24%
whitelist
24%
worldborder
24%
bossbar
19%
fillbiome
19%
particle
19%
random
19%
stopsound
19%
teammsg
19%
trigger
19%
banlist
14%
damage
14%
defaultgamemode
14%
experience
14%
forceload
14%
list
14%
loot
14%
setidletimeout
14%
spectate
14%
tag
14%
xp
14%
ban-ip
10%
difficulty
10%
jfr
10%
recipe
10%
spreadplayers
10%
pardon-ip
5%
save-all
5%
save-off
5%
save-on
5%
seed
5%
tm
5%
perf
0%

Score Distribution

Percentile by Number Answered

Percent of People with Each Score

Your Score History

You have not taken this quiz